[Event "ARM-ch"]
[Site "Yerevan"]
[Date "2005.04.29"]
[Round "1"]
[White "Minasian, Ara"]
[Black "Kotanjian, Tigran"]
[Result "1-0"]
[WhiteElo "2510"]
[BlackElo "2443"]
[Annotator "Finkel,A"]
[PlyCount "67"]
[EventDate "2005.04.29"]
[EventType "tourn"]
[EventRounds "11"]
[EventCountry "ARM"]
[EventCategory "11"]
[SourceTitle "CBM 107"]
[Source "ChessBase"]
[SourceDate "2005.08.01"]
[SourceVersion "1"]
[SourceVersionDate "2005.08.01"]
[SourceQuality "1"]

1. e4 c5 2. Nf3 Nc6 3. Bb5 g6 4. O-O Bg7 5. c3 Nf6 6. Qe2 O-O 7. Rd1 d6 (7...
a6 8. Bxc6 dxc6 9. h3 Qc7 10. d4 cxd4 11. cxd4 c5 $146 12. d5 {[%cal Gg7a1]}
Nd7 13. a4 $1 b6 14. Na3 Bb7 15. Bg5 $14 {Smirin,I-Rogozenko,D/Istanbul 2000})
(7... d5 8. e5 Ne8 9. d4 cxd4 10. cxd4 Nc7 11. Bxc6 bxc6 12. h3 a5 13. Nc3 a4
14. Re1 Ne6 $11 {De la Riva Aguado,O-Nataf,I/FRA 1999}) (7... Qc7 8. Ba4 e5 9.
d3 d6 10. Bb3 Bd7 11. Nbd2 h6 12. Nf1 Nh5 13. Be3 Rae8 14. Ng3 Nf6 15. a3 $14 {
Van den Doel,E-Donaldson,J/Wrexham 1997}) (7... e5 8. Bxc6 dxc6 9. Nxe5 $2 Re8
10. d4 cxd4 11. cxd4 Nxe4 12. Be3 Qe7 $15 {Dueckstein,A-Wells,P/Vienna 1998})
8. d4 cxd4 9. cxd4 Bg4 10. Nc3 Nd7 (10... a6 11. Bxc6 bxc6 12. h3 Bc8 13. Bf4
Qa5 14. Qe3 Rb8 15. Rd2 Nh5 16. Bh6 Re8 17. Bxg7 Nxg7 18. Re1 $14 {Gufeld,
E-Csom,I/Kecskemet 1968}) 11. Be3 f5 $6 {Overestimating the importance of
doubling White's f-pawns and exposing the white king.} (11... a6 12. Bxc6 bxc6
13. h3 Bxf3 14. Qxf3 Rb8 15. Qe2 Qa5 16. Rac1 Rfc8 17. b3 Kf8 18. Na4 Nb6 19.
Nc3 Nd7 20. Na4 Nb6 21. Nxb6 Qxb6 22. Rc4 $14 {Minasian,A-Agamaliev,G/Teheran
2003}) (11... Rc8 12. h3 Bxf3 13. Qxf3 a6 14. Bf1 Nb6 15. Rac1 $14 {Georgiev,
K-Ikonnikov,V/Massy 1995}) (11... e5 12. Bxc6 bxc6 13. h3 (13. d5 $6 c5 14. h3
Bxf3 15. Qxf3 f5 16. Qe2 f4 17. Bd2 f3 18. gxf3 Qh4 19. Kh2 Qh5 20. f4 Qxe2 21.
Nxe2 exf4 $15 {Schafranietz,S-Nautze,C/Baden 1995}) 13... Bxf3 14. Qxf3 exd4
15. Bxd4 Ne5 16. Qe2 $14) 12. exf5 Rxf5 (12... Bxf5 $6 13. Nh4 (13. Bc4+ Kh8
14. Ng5 e5 15. dxe5 Ndxe5 16. Bb3 $14) 13... Nb6 14. Nxf5 Rxf5 15. d5 Ne5 16.
f4 Ned7 17. Bd3 $16) (12... gxf5 $5) 13. Bc4+ Kh8 14. Be6 Bxf3 15. gxf3 Rf8 (
15... Rh5 16. d5 Nb4 17. a3 Na6 18. Bg4 Re5 19. f4 $18 {[%csl Re5]}) 16. d5
Nce5 17. f4 Nf7 18. Ne4 $16 {White's minor pieces dominate over the black ones,
so the fact that white has a pair of doubled pawns on the f-file is of minor
importance.} Nc5 $6 (18... Qe8 $142 19. Rac1 b6 20. b4 Nd8 21. Bh3 Nf6 22. Ng5
$16) 19. Bxc5 $1 {There is an old joke that the main advantage of the bishops
pair is that it could be traded for the opponent's knights at the right moment
!} dxc5 20. Bxf7 Rxf7 21. Nxc5 {[%cal Gc5e6]} Qd6 22. Ne6 {[%csl Ge6] The
knight on e6 is exceptionally strong!} Rf5 23. Qe4 h6 $6 {[%csl Rg6]
Unnecessarily weakening the pawn on g6, this provides White a target to play
against.} (23... Bf6 24. Rac1) 24. Rac1 Bxb2 25. Rb1 Bf6 26. Rxb7 a5 27. Rb3 $1
{[%cal Gb3g3]} a4 28. Rg3 Rg8 29. Kh1 Qb6 $6 (29... Kh7 30. f3 (30. Rxg6 $6
Kxg6 31. Rg1+ Bg5 32. fxg5 Qe5 $132)) 30. Rdg1 $18 Qxf2 31. R3g2 Qb6 32. Rxg6
Rxg6 33. Rxg6 Qf2 34. d6 $1 1-0

[Event "Linares Anibal op 07th"]
[Site "Linares"]
[Date "2000.01.08"]
[Round "2"]
[White "Motylev, Alexander"]
[Black "Holmsten, Aleksei"]
[Result "1-0"]
[WhiteElo "2532"]
[BlackElo "2380"]
[Annotator "Finkel,A"]
[PlyCount "53"]
[EventDate "2000.01.07"]
[EventType "swiss"]
[EventRounds "10"]
[EventCountry "ESP"]
[SourceTitle "CBM 075"]
[Source "ChessBase"]
[SourceDate "2000.04.05"]
[SourceVersion "1"]
[SourceVersionDate "2000.04.05"]
[SourceQuality "1"]

1. e4 c5 2. Nf3 Nc6 3. Bb5 g6 4. Bxc6 dxc6 5. d3 Bg7 6. h3 Nf6 7. Nc3 O-O 8.
Be3 Qa5 $6 {Queen has nothing to do on a5,so more logical is 8...b6:} (8... b6
9. Qd2 Re8 10. O-O-O a5 (10... e5 11. Bh6 Qc7 12. Nh2 Be6 13. Ng4 Nh5 14. Bxg7
Kxg7 15. Qh6+ Kh8 16. f4 $1 $36 {Ziatdinov,R-Horvath,C/Niksic 1991}) 11. Bh6
Bh8 12. e5 Nd5 13. Ne4 Bf5 14. h4 Nc7 15. Rde1 Qd5 16. Nc3 Qd7 17. h5 $14 {
Sutovskij,E-Jelen,I/Groningen op 1993}) (8... Nd7 9. Qd2 e5 10. Bh6 Qf6 11.
O-O-O Re8 12. h4 Bxh6 13. Qxh6 Qg7 14. Qe3 $14 {Psakhis,L-Vedder,R/VAM
Hoogeveen op 1997}) 9. Nd2 (9. Qd2 Rd8 10. O-O c4 11. Bh6 cxd3 12. Bxg7 Kxg7
13. cxd3 Qh5 14. Qe3 e5 $132 {Vyskocil,N-Firt,S/CZE-chT1c 9495}) 9... Nd7 (9...
b6 10. O-O Qa6 11. f4 Be6 12. g4 Qb7 13. f5 Bc8 14. Qe1 Qc7 15. Bf4 $16 {
Oratovsky,M-Balenovic,Z/Biel op 1995}) 10. O-O b5 $5 ({After} 10... Bxc3 11.
Nb3 Qc7 12. bxc3 b6 13. f4 $14 {white has very comfortable advantage.}) 11. Nb3
Qb6 (11... Qc7 12. Nxc5 b4 13. Nxd7 Bxd7 14. Na4 $16) 12. a4 $5 a5 $2 {After
this move black finds himself in serious troubles,so better was} (12... b4 13.
a5 Qa6 14. Na4 c4 15. Nac5 Nxc5 16. Nxc5 Qb5 17. d4 e5 $14 {with
counterchanses.}) 13. axb5 cxb5 14. Nd5 Qd6 15. Rxa5 Rxa5 16. Nxa5 Bxb2 17. Qb1
$1 $18 {[%csl Rb5] Not only winning the pawn,but also getting the decisive
advantage.} Be5 (17... e6 18. Qxb2 exd5 19. Bh6 $18) 18. f4 Bd4 19. Bxd4 cxd4
20. Qxb5 e6 21. Qc6 (21. Nc4 Qc5 22. Qxc5 Nxc5 23. Ne7+ Kg7 24. Nc6 $18 {
[%csl Rd4]}) 21... Qa3 22. Nc4 Qc5 (22... Qa6 23. Ne7+ Kg7 24. Nd6 $1 $18) 23.
Qxc5 Nxc5 24. Ne7+ Kg7 25. Nc6 Ba6 26. Nd6 f6 27. Ra1 1-0

[Event "Candidates sf1"]
[Site "Dortmund"]
[Date "2002.07.15"]
[Round "3"]
[White "Shirov, Alexei"]
[Black "Leko, Peter"]
[Result "0-1"]
[WhiteElo "2697"]
[BlackElo "2722"]
[Annotator "Finkel,A"]
[PlyCount "62"]
[EventDate "2002.07.13"]
[EventType "match"]
[EventRounds "4"]
[EventCountry "GER"]
[SourceTitle "CBM 090"]
[Source "ChessBase"]
[SourceDate "2002.09.20"]
[SourceVersion "1"]
[SourceVersionDate "2002.09.20"]
[SourceQuality "1"]

{[%mdl 1]} 1. e4 {Ftacnik} c5 2. Nf3 Nc6 3. Bb5 g6 4. Bxc6 dxc6 5. d3 Bg7 6. h3
Nf6 7. Nc3 O-O 8. Be3 {White has two different plans in this position, one is
to go for the kingside castle followed by f4 as Adams tried against Leko at
the group stage and managed to get minimal advantage after the opening and the
second one is to castle queenside opting for much sharper play. Shirov
desperately needed to win this game to tie the score in his last "white" game,
that's why he opts for sharper one.} (8. O-O Nd7 9. Be3 e5 10. Qd2 Re8 11. Nh2
$14 {[%cal Gf2f4] Adams-Leko, Dortmund, 2002}) 8... b6 9. Qd2 e5 10. Bh6 ({
Nothing promises} 10. Nxe5 Nxe4 11. Nxf7 Nxd2 12. Nxd8 Nf3+ 13. gxf3 Rxd8 $44 {
[%csl Rf3,Rh3] and black gets very good compensation for the pawn.}) 10... Qd6
11. O-O-O (11. g4 Be6 12. Bxg7 Kxg7 13. O-O-O Rad8 14. Rhf1 b5 15. Ng5 h6 $11 {
Shirov-Leko, Monaco, 2002}) 11... a5 $5 {Leko has a lot of experience in
playing this position and in none of the games he faced serious problems after
the opening. This one was not an exception. Ftacnik: 'Black very correctly
sees his chances on the queenside, he has to compensate for white's kingside
attacking potential.'} (11... b5 12. Ne2 a5 13. Ng3 Re8 14. Nh4 Bxh6 15. Qxh6
a4 16. Qg5 Nd7 17. Ngf5 Qf6 $13 {Grischuk-Leko, Dubai, 2002}) 12. Bxg7 Kxg7 13.
g4 {White's plan is to transfer the knight to g3, however it's not perfectly
clear what to do next.} (13. Ne2 {Ftacnik} b5 14. d4 $5 cxd4 15. Nexd4 Nxe4 (
15... exd4 {Ftacnik} 16. e5 Qe6 17. exf6+ Qxf6 18. Qxd4 $11) 16. Qe3 exd4 17.
Qxe4 Be6 $11) 13... a4 14. Ne2 ({interesting was} 14. Nh4 $5 b5 15. f4 {
'!?' Ftacnik.} exf4 16. Nf3 {with compensation for the pawn.} Nd7 17. Ne2 $14 {
(Ftacnik)}) 14... b5 15. Ng3 ({Didn't work} 15. d4 $2 cxd4 16. Nexd4 Qc5 $1 (
16... exd4 17. e5 Qd8 18. exf6+ Qxf6 19. Nxd4 $14) 17. Nf5+ Bxf5 18. exf5 Ne4
$19 {[%csl Rf2] and black is winning.}) 15... b4 16. Qg5 Re8 17. Nd2 $6 {
This move is very difficult to explain. Black's reply is so simple and logical
so there is no doubt that Shirov considered it while playing Nd2, however he
still played that awfull move after which white has to fight for equality. He
had a choice between} (17. Nh5+ Nxh5 18. gxh5 h6 19. Qg3 g5 20. h4 f6 21. hxg5
fxg5 22. Nxg5 hxg5 23. Qxg5+ Kh7 24. Rdg1 Qh6 25. Qxh6+ Kxh6 26. Rg6+ Kh7 27.
Rxc6 Ra5 $13 {which actually looks ok for black and}) (17. Nh4 $5 {[%cal Gh4f5]
leading to very unclear struggle.}) 17... a3 18. bxa3 $2 {One bad move drags
another. It was necessary to play Ftacnik: 'It is nice to have lot of courage,
but objectively this move is just wrong as it puts white's king into great
danger.'} (18. b3 Qd4 19. Nc4 Qa1+ (19... h6 $145 20. Qe3 Ba6 21. Ne2 Qxe3+ 22.
fxe3 Bxc4 23. bxc4 $11) 20. Kd2 Qc3+ (20... Qxa2 $4 21. Ra1 $18) 21. Ke2 Qxc2+
22. Qd2 Qxd2+ 23. Rxd2 $15 {and the life goes on, even though black probably
keeps slightly better chances.}) 18... h6 19. Qe3 Be6 $1 {Now black is
threatening to take on a3.} (19... Rxa3 $2 20. Nc4) 20. Nb3 {Deciding at least
to take a pawn, but it doesn't make white's defensive task any easier.} (20. g5
hxg5 21. Qxg5 Qd8 $1 (21... Rxa3 {Ftacnik} 22. Nc4 $1 Qd4 (22... Bxc4 $140 {
Ftacnik} 23. Nf5+ $18) 23. Nxa3 bxa3 24. Kd2 $14) 22. Nf5+ Bxf5 23. exf5 Rxa3
24. fxg6 Rxa2 25. Nf3 Qd5 $17) 20... Rxa3 21. Qxc5 Qb8 {'!' Ftacnik. Of course
black prefers to keep the queens.} 22. Kb2 Nd7 $1 {Bringing another piece to
the attack.} 23. Qe3 Nb6 24. Ra1 {Ftacnik: 'Shirov very rarely plays so
passively, this move is no solution to the impending black's attack.'} (24.
Nf5+ {Ftacnik} gxf5 25. gxf5 Na4+ 26. Kc1 Bxb3 27. axb3 Nc3 28. Rdg1+ Kh7 29.
f6 Rg8 $19) 24... c5 $1 {[%csl Rb2][%cal Gc5c4] Decisive break! The pawn is
taboo and c4 is coming...} 25. Kc1 (25. Nxc5 $2 Nc4+ $1 26. dxc4 Rxe3 $19) (25.
Qxc5 $2 Na4+ $19) 25... c4 26. dxc4 Nxc4 27. Qe1 Qa7 $19 {[%csl Ra2,Rf2] The
difference in the strength of the pieces is simply huge, so no wonder that the
game lasted 4 more moves!} 28. Qxb4 Qxf2 29. Nf5+ gxf5 30. gxf5 Rc8 31. fxe6
Ne3 0-1

[Event "RUS-chT 12th"]
[Site "Sochi"]
[Date "2005.04.29"]
[Round "11"]
[White "Kobalia, Mihail"]
[Black "Batsanin, Dmitry"]
[Result "1-0"]
[WhiteElo "2644"]
[BlackElo "2467"]
[Annotator "Finkel,A"]
[PlyCount "157"]
[EventDate "2005.04.19"]
[EventType "team-tourn"]
[EventRounds "11"]
[EventCountry "RUS"]
[SourceTitle "EXT 2020"]
[Source "ChessBase"]
[SourceDate "2019.10.17"]
[SourceVersion "1"]
[SourceVersionDate "2019.10.17"]
[SourceQuality "1"]
[WhiteTeam "Moscow Youth of"]
[BlackTeam "Vladivostok Debiut-DVGU"]
[WhiteTeamCountry "RUS"]
[BlackTeamCountry "RUS"]

{[%mdl 2048]} 1. e4 c5 2. Nf3 Nc6 3. Bb5 g6 4. Bxc6 dxc6 5. d3 Bg7 6. h3 Nf6 7.
Nc3 Nd7 {Oratovsky,M: 'The favourite move of WC Kramnik. Black's idea is not
ot lose time for castle and to transfer the knight to e6 and d4 via f8. Also
the rook on h8 is useful to protect the h6 -pawn in case Black wants to
protect his dark-squared bishop from exchange. In this line black has also an
option for 0-0-0.'} (7... O-O 8. Bf4 Nd7 9. e5 Nb6 10. Ne4 c4 $1 11. d4 Nd5 12.
Bh2 Bf5 13. Ng3 Qa5+ 14. Nd2 Be6 15. O-O c5 16. Nf3 c3 $17 {Conquest,
S-Michaelsen,N/Fuerth GER 1999}) 8. Be3 (8. O-O e5 9. Be3 O-O 10. Qd2 Re8 11.
Nh2 Qe7 12. Bh6 Bh8 13. Ng4 Nf8 $13 {Adams,M-Kramnik,V/Dortmund 2000/CBM 78})
8... e5 (8... Qa5 $6 9. Qd2 h6 $2 10. O-O e5 11. a3 {[%cal Gb2b4]} Nf8 $2 12.
b4 cxb4 13. axb4 Qxb4 14. Bxa7 $1 $18 {Oratovsky,M-Kagan,S/Ramat Aviv 2000/CBM
77 .}) (8... b6 9. Qd2 e5 10. Bh6 O-O 11. O-O-O Re8 12. g4 Nf8 13. Ne2 a5 14.
Rdg1 Bf6 15. Bg5 Ne6 16. Bxf6 Qxf6 $13 {Bologan,V-Anand,V/New Delhi/Theran
2000/CBM 80}) 9. Qd2 {M.Oratovsky: 'Most of the players, including top GMs,
play this automatically. Of course, this move looks very logical - White keeps
the possibility for both 0-0 and 0-0-0 and threatens Bh6, but since black has
an option for long castle it doesn't seem for me the best way for white. It
deservea serious attention '} (9. Nd2 Qe7 10. Nc4 b6 $5 (10... O-O 11. a4 Rd8
12. O-O Nf8 13. a5 Ne6 14. Qd2 Bd7 15. f3 $14 {[%csl Rc5][%cal Gc3a4,Gd2f2]
Oratovsky,M-Rogozenko,D Banter Chess 2003}) 11. a4 Ba6 12. b3 Nf8 13. Qd2 Ne6
14. Bh6 Bxh6 15. Qxh6 Bxc4 16. bxc4 Nd4 17. Kd2 Qf6 18. f3 $14 {[%cal Ga4a5]
Oratovsky,M-Illescas,M/rapid Spain 2003}) 9... h6 {Aimed to prevent Be3-h6.} (
9... Qe7 $5 10. Bh6 Bxh6 11. Qxh6 f6 12. Nh2 Nf8 13. f4 exf4 14. Qxf4 Ne6 $14 {
Bologan,V-Damljanovich,B/JUG-chT/1994/}) 10. O-O (10. O-O-O $6 Qa5 $132 11. Kb1
Nf8 12. Ne2 Qxd2 13. Nxd2 Ne6 $11 {Kofidis,A-Tzermiadianos,A/GRE 1994}) 10...
Qe7 11. Nh2 {Intending to transfer f4 right away.} (11. a3 a5 12. Nh2 {[%cal
Gf2f4]} a4 13. f4 exf4 14. Bxf4 Ne5 15. Nf3 Nxf3+ 16. Rxf3 g5 17. Be3 Be6 18.
Qf2 b6 19. d4 cxd4 20. Bxd4 Bxd4 21. Qxd4 Qc5 22. Qxc5 bxc5 $16 {[%csl Ga4,Gc5,
Gc6,Gf6] Tseitlin,M-Schmittdiel,E/Groningen 1994}) 11... Nf8 (11... g5 $5 12.
Ne2 Nf8 13. Ng3 Ng6 14. Nh5 $1 O-O 15. Qc3 $1 b6 16. Nxg7 $5 Kxg7 17. f4 f6 18.
f5 $40) 12. f4 exf4 13. Rxf4 {This move is more flexible than capturing with
the bishop since White may gain a tempo by retreating to f2 with the rook.} (
13. Bxf4 $6 Ne6 14. Be3 Nd4 (14... b6 $6 15. Rae1 Nd4 16. Bf4 g5 17. Nd5 $5
cxd5 18. exd5 Ne6 19. Be5 $36 {Galdunts,S-Calistri,T/France 2001}) 15. Nd1 $5
b6 16. Nf2 (16. c3 Ne6 17. Nf3 Ba6 18. Nf2 Rd8 19. Qc2 O-O 20. Rad1 f5 $132 {
Galdunts,S-Jakubiec,A/Griesheim 2002}) 16... h5 17. c3 Ne6 18. Nf3 Ba6 19. Rad1
O-O 20. Bh6 f5 21. Bxg7 Qxg7 22. Rfe1 Rae8 $11 {Abergel,T-Lazarev,V/Marseille
2003}) 13... Ne6 (13... Be6 14. Raf1 (14. Rf2 Nd7 15. Ne2 O-O-O 16. Raf1 f6 17.
Nf3 b6 18. Bf4 h5 19. Bh2 $13 {Rublevsky,S-McShane,L/Istanbul 2003}) (14. Rff1
Nd7 15. Qf2 b6 16. a4 a5 17. Nf3 O-O 18. Qg3 g5 $13 {Oral,T-McShane,L/Qaqortoq
2003}) 14... Nd7 15. R4f2 b6 (15... O-O-O $5 16. Ne2 Ne5 17. Qa5 b6 18. Qa6+
Kb8 19. Nf3 g5 20. Qa3 Nxf3+ 21. Rxf3 f5 $132 {Shchekachev,A-Wells,P/Austria
2003}) (15... f6 16. Nf3 b6 17. Ne2 h5 18. e5 $5 O-O-O 19. exf6 Bxf6 20. Bg5
$14) 16. Ng4 Bxg4 $6 17. Rxf7 Qxf7 18. Rxf7 Kxf7 19. hxg4 Ne5 20. Qf2+ Ke7 21.
Qg3 $14 {Grischuk,A-Radjabov,T/Bastia 2003}) 14. Rf2 (14. Rff1 Nd4 15. Nd1 Be6
16. Qf2 b6 17. c3 Nb5 18. a4 Nd6 19. a5 O-O $11 {Das,A-Sharma,D/Chennai 2004})
14... Nd4 15. Raf1 (15. a4 Be6 16. Nf3 O-O-O 17. a5 g5 18. Na4 Rhf8 19. Re1 Qd6
20. e5 $5 Bxe5 21. Nxe5 Qxe5 22. Qc3 $14 {Vajda,A-Grigore,G/Eforie Nord 2002})
15... Be6 16. Ne2 $5 (16. Ng4 O-O-O (16... Bxg4 17. hxg4 (17. Rxf7 Qxf7 18.
Rxf7 Kxf7 19. hxg4 Rad8 20. Nd1 $14 {[%csl Rh6][%cal Gc2c3,Gd1f2]}) 17... f6
18. b4 O-O-O 19. Ne2 Nxe2+ 20. Rxe2 cxb4 21. Bxa7 $36 {Palac,M-Loncar,R/Zadar
2001}) (16... f5 17. Nxh6 Qh4 18. exf5 gxf5 19. Nxf5 Bxf5 20. Rxf5 Nxf5 21.
Rxf5 O-O-O 22. Bxc5 $14 {Vokarev,S-Khasin,A/Koszalin 1999}) (16... Qh4 $2 17.
Nf6+ Ke7 18. e5 $16 {Yu Shaoteng-Tatum,K/Dos Hermanas 2004}) 17. Nf6 Bxf6 18.
Rxf6 Bf5 19. Bxh6 Qxf6 20. Bg5 Qd6 21. exf5 (21. Bxd8 Rxd8 22. exf5 Nxf5 $11)
21... Nxf5 22. Bxd8 Rxd8 23. Qf2 Qd4 24. Qxd4 cxd4 25. Ne4 c5 {1/2-1/2
Fernandez,D-Lesiege,A/Philadelphia 2003/EXT 2004 (25)}) (16. b3 $146 O-O-O 17.
Nf3 b6 18. Ne2 f5 19. Bxd4 cxd4 20. exf5 Bxf5 21. Ng3 $13 {Pikula,D-Kovacevic,
A/Banja Koviljaca 2002}) 16... Nxe2+ (16... g5 17. Bxd4 cxd4 18. Ng3 Be5 19.
Nf5 Qc7 20. Ng4 O-O-O 21. Nxe5 Qxe5 $11) 17. Rxe2 O-O-O 18. b3 b6 (18... g5 19.
Nf3 Rhf8 20. Qe1 b6 21. Bd2 Kb7 22. Bc3 Bxc3 23. Qxc3 h5 24. Qe1 Rg8 $13 {
Chandler,M-Inarkiev,E/Catalan Bay 2004}) (18... c4 $6 19. bxc4 Qa3 20. Qe1 Qxa2
21. Nf3 g5 22. Nd4 $1 Bxd4 23. Bxd4 Rxd4 24. c3 $16) 19. Qe1 {[%cal Ge3d2,
Gd2c3] Transferring the bishop to c3.} Qd6 (19... f5 $6 20. exf5 Bxf5 21. Bxh6
Bd4+ 22. Kh1 $14) 20. Nf3 Rde8 $6 (20... g5 $5 {deserves very serious
attention:} 21. Bd2 g4 22. hxg4 (22. Nh4 $6 gxh3 23. Nf5 Bxf5 24. Rxf5 Bd4+ 25.
Kh1 hxg2+ 26. Rxg2 Rhg8 $36) 22... Bxg4 23. Bc3 Bxc3 24. Qxc3 Rhg8 25. Ref2 f5
$13) 21. Bd2 g5 22. Bc3 Bxc3 23. Qxc3 g4 24. Ne5 $6 {Transposing by force into
a drawish endgame.} (24. hxg4 Bxg4 25. Ref2 Rhg8 26. Nh4 $14) 24... gxh3 25.
Nxf7 Bxf7 26. Rxf7 Rhf8 27. Ref2 (27. Qg7 $2 Rxf7 28. Qxf7 Rf8 29. Qh5 h2+ 30.
Qxh2 Qd4+ $19) 27... Rxf7 28. Rxf7 Rg8 29. Rg7 Qf8 30. Rxg8 Qxg8 31. Qd2 Qg3 (
31... Kd7 32. Kh2 Qxg2+ 33. Qxg2 hxg2 34. Kxg2 Ke6 35. Kg3 Kf6 36. Kg4 Kg6 $11
37. c3 h5+ 38. Kh4 Kh6 39. d4 cxd4 40. cxd4 Kg6) 32. Qe2 Kd7 33. Qf3 Qe1+ $6 ({
It wasn't too late to trade the queens with a draw.} 33... Qxg2+ 34. Qxg2 hxg2
35. Kxg2 Ke6 $11) 34. Kh2 hxg2 35. Qxg2 Qc3 36. Kh3 $14 Ke7 37. Qh2 Kd7 38. Kg4
b5 39. Kh5 c4 40. Qh3+ Ke7 41. Qh4+ Ke8 42. Qg4 Ke7 (42... Qxc2 43. Qe6+ Kd8
44. Qd6+ $16 {[%csl Rc6]}) 43. Qe2 cxd3 44. cxd3 Qc1 45. Qg4 $1 Qe3 46. Qg7+
Ke8 47. Qe5+ Kf7 48. Qf5+ Ke7 49. e5 $1 c5 50. Qf6+ Kd7 51. Kg6 $1 $18 Qxd3+
52. Kf7 Qd5+ (52... Qh7+ 53. Kf8 Qe4 54. Qd6+ Kc8 55. Qxc5+ Kd8 56. Qe7+ Kc8
57. e6 $18) 53. e6+ Kc6 54. Kf8 Qd6+ 55. Qe7 Qd4 56. Qe8+ Kc7 57. Qf7+ (57. e7
$1) 57... Kc6 58. Qg6 Qf4+ 59. Ke8 Qd6 60. Qe4+ Kc7 61. Qh7+ (61. Kf7 $1 {
[%cal Ge6e8]}) 61... Kb6 62. e7 c4 63. bxc4 bxc4 64. Kf7 Qf4+ 65. Kg7 Qe5+ 66.
Kf8 Qd6 67. Qe4 c3 (67... Kc5 68. Kg8 Qg3+ 69. Kh8 Qc3+ 70. Kh7 $18) 68. Qe3+
Kb7 69. Qxc3 h5 70. Qf3+ Kc7 71. Kf7 Qd7 72. Qc3+ Kb7 73. Qb4+ Kc7 74. Qc5+ Kb7
75. Qxh5 Kb6 76. Qg6+ Ka5 77. Qe4 a6 78. Kf6 Qd6+ 79. Qe6 1-0